[Event "GER-ch U14"]
[Site "Willingen"]
[Date "2017.06.10"]
[Round "9"]
[White "Burian, Simon"]
[Black "Merk, Daniel"]
[Result "1/2-1/2"]
[WhiteElo "1946"]
[BlackElo "1872"]
[PlyCount "63"]
[EventDate "2017.06.04"]
[EventType "swiss"]
[EventRounds "9"]
[EventCountry "GER"]
[SourceTitle "CBM 178 Extra"]
[Source "ChessBase"]
[SourceDate "2017.06.22"]
[SourceVersion "1"]
[SourceVersionDate "2017.06.22"]
[SourceQuality "1"]

1. d4 d5 2. Nf3 Nf6 3. c4 c6 4. Qc2 g6 5. g3 Bg7 6. Bg2 0-0 7. 0-0 Bf5 8. Qb3 Qb6 9. c5 Qa6 10. Nc3 Nbd7 11. Bf4 Nh5 12. Rad1 Nxf4 13. gxf4 e6 14. Ne5 Nxe5 15. fxe5 Rab8 16. e4 dxe4 17. Bxe4 b6 18. Bxf5 bxc5 19. Bd3 Rxb3 20. Bxa6 Rb6 21. Bc4 cxd4 22. Rxd4 Bxe5 23. Re4 Bg7 24. Na4 Rbb8 25. b3 Rfd8 26. Re2 Rd4 27. Rc1 Rbd8 28. Kg2 Rg4+ 29. Kh3 Rdd4 30. f3 Rh4+ 31. Kg3 Bf8 32. h3 1/2-1/2

[Event "GER-ch U14"]
[Site "Willingen"]
[Date "2017.06.07"]
[Round "6"]
[White "Longo, Massimo"]
[Black "Merk, Daniel"]
[Result "0-1"]
[WhiteElo "1959"]
[BlackElo "1872"]
[PlyCount "40"]
[EventDate "2017.06.04"]
[EventType "swiss"]
[EventRounds "9"]
[EventCountry "GER"]
[SourceTitle "CBM 178 Extra"]
[Source "ChessBase"]
[SourceDate "2017.06.22"]
[SourceVersion "1"]
[SourceVersionDate "2017.06.22"]
[SourceQuality "1"]

1. d4 d5 2. e3 Nf6 3. Bd3 c5 4. b3 Nc6 5. Bb2 Bg4 6. f3 Bh5 7. Ne2 cxd4 8. exd4 e6 9. Nf4 Bd6 10. Nxh5 Nxh5 11. g3 0-0 12. f4 Nxf4 13. gxf4 Qh4+ 14. Ke2 Qxf4 15. Qd2 Qg4+ 16. Ke1 Bb4 17. c3 Nxd4 18. Be2 Qe4 19. Rf1 Nc2+ 20. Kd1 Ne3+ 0-1

[Event "GER-ch U14"]
[Site "Willingen"]
[Date "2017.06.06"]
[Round "5"]
[White "Merk, Daniel"]
[Black "Nguyen, Alex Dac Vuong"]
[Result "1/2-1/2"]
[WhiteElo "1872"]
[BlackElo "1982"]
[PlyCount "49"]
[EventDate "2017.06.04"]
[EventType "swiss"]
[EventRounds "9"]
[EventCountry "GER"]
[SourceTitle "CBM 178 Extra"]
[Source "ChessBase"]
[SourceDate "2017.06.22"]
[SourceVersion "1"]
[SourceVersionDate "2017.06.22"]
[SourceQuality "1"]

1. d4 Nf6 2. Bf4 c5 3. e3 Qb6 4. b3 d5 5. c3 Nc6 6. Nf3 e6 7. Be2 Be7 8. h3 cxd4 9. exd4 0-0 10. 0-0 Rd8 11. Nbd2 Qa5 12. b4 Qb6 13. a4 Bd6 14. Bxd6 Rxd6 15. Qb3 Nd7 16. a5 Qc7 17. c4 dxc4 18. Qxc4 b5 19. Qc3 Nf6 20. Bxb5 Nd5 21. Qc4 Ncxb4 22. Rfc1 Qxc4 23. Rxc4 a6 24. Ba4 Rb8 25. Rac1 1/2-1/2

[Event "GER-ch U14"]
[Site "Willingen"]
[Date "2017.06.04"]
[Round "2"]
[White "Merk, Daniel"]
[Black "Jungandreas, Tillmann"]
[Result "1/2-1/2"]
[WhiteElo "1872"]
[BlackElo "1414"]
[PlyCount "56"]
[EventDate "2017.06.04"]
[EventType "swiss"]
[EventRounds "9"]
[EventCountry "GER"]
[SourceTitle "CBM 178 Extra"]
[Source "ChessBase"]
[SourceDate "2017.06.22"]
[SourceVersion "1"]
[SourceVersionDate "2017.06.22"]
[SourceQuality "1"]

1. d4 Nf6 2. c4 e6 3. Nc3 Bb4 4. Qc2 d5 5. Nf3 b6 6. Bg5 Bb7 7. a3 Bxc3+ 8. Qxc3 Nbd7 9. e3 c5 10. cxd5 Bxd5 11. Bd3 0-0 12. 0-0 Qc7 13. Rac1 Qb7 14. dxc5 Rac8 15. Bxf6 Nxf6 16. Ne1 Rxc5 17. Qd2 Rxc1 18. Qxc1 Rc8 19. Qd2 Ne4 20. Bxe4 Bxe4 21. f3 Bg6 22. e4 Qc7 23. Nd3 Qd6 24. Rd1 Rd8 25. Qe3 h6 26. Nf2 Qe7 27. Rxd8+ Qxd8 28. Qd3 Qc7 1/2-1/2

[Event "Deizisau op 11th"]
[Site "Deizisau"]
[Date "2016.10.28"]
[Round "1"]
[White "Hacker, Jonas"]
[Black "Merk, Daniel"]
[Result "1-0"]
[WhiteElo "2321"]
[BlackElo "1952"]
[PlyCount "81"]
[EventDate "2016.10.28"]
[EventType "swiss"]
[EventRounds "7"]
[EventCountry "GER"]
[SourceTitle "EXT 2018"]
[Source "ChessBase"]
[SourceDate "2017.10.13"]
[SourceVersion "1"]
[SourceVersionDate "2017.10.13"]
[SourceQuality "1"]

1. e4 e6 2. d4 d5 3. Nc3 Nf6 4. e5 Nfd7 5. f4 c5 6. Nf3 Nc6 7. Be3 cxd4 8. Nxd4 Bc5 9. Qd2 a6 10. 0-0-0 Nxd4 11. Bxd4 0-0 12. Kb1 b5 13. h4 Qc7 14. h5 Bb7 15. Rh3 Bxd4 16. Qxd4 Nc5 17. h6 g6 18. b4 Ne4 19. Nxe4 dxe4 20. Rc3 Qe7 21. Qd7 Qxd7 22. Rxd7 Bd5 23. g3 a5 24. bxa5 Rxa5 25. a3 b4 26. axb4 Ra4 27. Rdc7 Rxb4+ 28. Kc1 Ra4 29. Kd2 Ra1 30. Ke2 Rb1 31. Rc8 Bb7 32. Rxf8+ Kxf8 33. Kf2 Rc1 34. Bb5 Rb1 35. Be2 Rb6 36. Rb3 Rxb3 37. cxb3 Ke7 38. g4 f5 39. exf6+ Kxf6 40. g5+ Kf5 41. Kg3 1-0

[Event "GER-ch U12"]
[Site "Willingen"]
[Date "2015.05.29"]
[Round "9"]
[White "Glinzner, Alva"]
[Black "Merk, Daniel"]
[Result "0-1"]
[WhiteElo "1257"]
[BlackElo "1714"]
[PlyCount "72"]
[EventDate "2015.05.24"]
[EventType "swiss"]
[EventRounds "11"]
[EventCountry "GER"]
[SourceTitle "CBM 166 Extra"]
[Source "ChessBase"]
[SourceDate "2015.06.18"]
[SourceVersion "1"]
[SourceVersionDate "2015.06.18"]
[SourceQuality "1"]

1. e4 c6 2. d4 d5 3. Nc3 dxe4 4. Nxe4 Bf5 5. Ng3 Bg6 6. Nf3 Nd7 7. h4 h6 8. h5 Bh7 9. Bd3 Bxd3 10. Qxd3 e6 11. Bf4 Qa5+ 12. c3 Ngf6 13. 0-0 Be7 14. Rfe1 Nxh5 15. b4 Nxf4 16. Qd2 Qc7 17. Rad1 0-0 18. Ne5 Bg5 19. Qc2 Nxe5 20. Rxe5 Ng6 21. Re2 a5 22. a3 axb4 23. axb4 Ra3 24. Ree1 Rfa8 25. Ne4 Be7 26. Nc5 Ra2 27. Qe4 Nf8 28. Nd3 Nd7 29. Nf4 Nf6 30. Qf3 Bd6 31. Ne2 b5 32. g3 Nd5 33. Kg2 R2a3 34. Qh5 Nxc3 35. Nxc3 Rxc3 36. Rb1 Raa3 0-1

[Event "GER-ch U12"]
[Site "Willingen"]
[Date "2015.05.29"]
[Round "10"]
[White "Merk, Daniel"]
[Black "Brunkardt, Elena"]
[Result "1-0"]
[WhiteElo "1714"]
[BlackElo "1474"]
[PlyCount "95"]
[EventDate "2015.05.24"]
[EventType "swiss"]
[EventRounds "11"]
[EventCountry "GER"]
[SourceTitle "CBM 166 Extra"]
[Source "ChessBase"]
[SourceDate "2015.06.18"]
[SourceVersion "1"]
[SourceVersionDate "2015.06.18"]
[SourceQuality "1"]

1. d4 d5 2. Nf3 e6 3. e3 Nf6 4. Bd3 c6 5. b3 Nbd7 6. Bb2 b6 7. Nbd2 Bb7 8. 0-0 Bd6 9. Ne5 0-0 10. Ndf3 c5 11. h3 Bxe5 12. Nxe5 Nxe5 13. dxe5 Nd7 14. Qh5 h6 15. f4 Qc7 16. Rf3 c4 17. Rg3 f5 18. Qxh6 Nc5 19. bxc4 Nxd3 20. cxd3 dxc4 21. Qxe6+ Qf7 22. Qxf7+ Kxf7 23. dxc4 Rac8 24. Rc1 Ba6 25. Rg5 g6 26. c5 bxc5 27. Ba3 Rg8 28. Rxc5 Rxc5 29. Bxc5 Bc4 30. Bxa7 Bxa2 31. g4 Bb1 32. gxf5 Bxf5 33. Kg2 Ra8 34. Bd4 Ra2+ 35. Kg3 Ra8 36. h4 Ra3 37. h5 gxh5 38. Rxf5+ Kg6 39. Rg5+ Kh6 40. Kh4 Ra2 41. Rxh5+ Kg6 42. Rg5+ Kh6 43. Kg4 Rg2+ 44. Kf5 Rxg5+ 45. fxg5+ Kg7 46. e6+ Kf8 47. Kf6 Ke8 48. e7 1-0

[Event "GER-ch U12"]
[Site "Willingen"]
[Date "2015.05.25"]
[Round "4"]
[White "Merk, Daniel"]
[Black "Rietschel, Tilo"]
[Result "0-1"]
[WhiteElo "1714"]
[BlackElo "1549"]
[PlyCount "102"]
[EventDate "2015.05.24"]
[EventType "swiss"]
[EventRounds "11"]
[EventCountry "GER"]
[SourceTitle "CBM 166 Extra"]
[Source "ChessBase"]
[SourceDate "2015.06.18"]
[SourceVersion "1"]
[SourceVersionDate "2015.06.18"]
[SourceQuality "1"]

1. d4 d5 2. c4 e6 3. Nc3 Nf6 4. cxd5 exd5 5. Bg5 Be7 6. e3 0-0 7. Bd3 c5 8. dxc5 Bxc5 9. Bxf6 Qxf6 10. Nxd5 Qxb2 11. Nc7 Qc3+ 12. Kf1 Bxe3 13. Nxa8 Qf6 14. Nf3 Bf4 15. h3 Bd7 16. Qc2 Qxa1+ 17. Ne1 Re8 18. Be2 Nc6 19. g3 Nd4 20. Qd1 Qxd1 21. Bxd1 Bd2 22. Nf3 Nxf3 23. Bxf3 Rxa8 24. Bxb7 Rb8 25. Ke2 Rxb7 26. Kxd2 h5 27. Kc3 Be6 28. a4 Rb3+ 29. Kc2 Rf3 30. Rh2 Ra3 31. h4 Rxa4 32. Kb2 a5 33. Kc3 Ra1 34. Kb2 Ra2+ 35. Kc3 a4 36. Rh1 Rxf2 37. Ra1 Ra2 38. Re1 Rg2 39. Kb4 Rxg3 40. Kxa4 Rg4+ 41. Ka3 Rxh4 42. Kb2 g5 43. Kc3 Kg7 44. Kd2 Rh3 45. Ke2 g4 46. Kf2 h4 47. Kg2 Ra3 48. Re2 h3+ 49. Kf2 g3+ 50. Kf1 h2 51. Kg2 Bd5+ 0-1

[Event "GER-ch U12"]
[Site "Willingen"]
[Date "2015.05.24"]
[Round "2"]
[White "Merk, Daniel"]
[Black "Bardorz, Jana"]
[Result "1-0"]
[WhiteElo "1714"]
[BlackElo "1263"]
[PlyCount "87"]
[EventDate "2015.05.24"]
[EventType "swiss"]
[EventRounds "11"]
[EventCountry "GER"]
[SourceTitle "CBM 166 Extra"]
[Source "ChessBase"]
[SourceDate "2015.06.18"]
[SourceVersion "1"]
[SourceVersionDate "2015.06.18"]
[SourceQuality "1"]

1. d4 d5 2. c4 e6 3. Nc3 Nf6 4. Bg5 Be7 5. cxd5 exd5 6. e3 0-0 7. Bd3 Nbd7 8. Nf3 c6 9. 0-0 Re8 10. Qc2 Nf8 11. h3 Be6 12. a3 b6 13. b4 N6d7 14. Bxe7 Rxe7 15. Na4 Ng6 16. Qxc6 Rc8 17. Qb5 Nf6 18. Bxg6 hxg6 19. Qe2 Bf5 20. Rac1 Rec7 21. Rxc7 Rxc7 22. Nh4 Bd7 23. Nb2 Ne4 24. Nf3 Qe8 25. Ne5 Bb5 26. Nbd3 Rc3 27. Ra1 Bxd3 28. Nxd3 Qa4 29. Nf4 Rxa3 30. Rxa3 Qxa3 31. Nxd5 Qc1+ 32. Kh2 Qa3 33. Qc2 Nd6 34. Qc6 Nf5 35. Qe8+ Kh7 36. Qxf7 Kh6 37. Qg8 Nd6 38. f4 g5 39. Qe6+ g6 40. Ne7 Qd3 41. Qxd6 Qe4 42. f5 Kh5 43. Qxg6+ Kh4 44. Qh6# 1-0

[Event "Stuttgart-chB int"]
[Site "Ditzingen"]
[Date "2014.05.31"]
[Round "6"]
[White "Steinhart, Matthias"]
[Black "Merk, Daniel"]
[Result "1/2-1/2"]
[WhiteElo "1779"]
[BlackElo "1677"]
[PlyCount "109"]
[EventDate "2014.05.29"]
[EventType "swiss"]
[EventRounds "7"]
[EventCountry "GER"]
[SourceTitle "EXT 2015"]
[Source "ChessBase"]
[SourceDate "2014.11.20"]
[SourceVersion "1"]
[SourceVersionDate "2014.11.20"]
[SourceQuality "1"]

1. e4 c6 2. d4 d5 3. e5 Bf5 4. Nc3 e6 5. g4 Bg6 6. Nge2 h6 7. h4 c5 8. Be3 Nc6 9. f4 Qd7 10. dxc5 0-0-0 11. Nd4 Bxc5 12. Nxc6 Qxc6 13. Bxc5 Qxc5 14. Qd2 a6 15. Bd3 Bxd3 16. cxd3 Kb8 17. Qf2 Qc7 18. 0-0 Ne7 19. Ne2 Nc6 20. Rac1 Qe7 21. a3 g5 22. fxg5 hxg5 23. h5 Nxe5 24. Qg3 Qd6 25. d4 Nc4 26. Rxf7 Qxg3+ 27. Nxg3 Rhf8 28. Rcf1 Rxf7 29. Rxf7 Nxb2 30. Rg7 Nc4 31. h6 Rh8 32. h7 Ka7 33. Nh5 Nd6 34. Nf6 Ne4 35. Rg8 Nxf6 36. Rxh8 Kb6 37. Re8 Nxh7 38. Rxe6+ Kb5 39. Rh6 Nf8 40. Rf6 Nd7 41. Rf5 Kc4 42. Rxg5 Kxd4 43. Rg7 Ne5 44. Rxb7 a5 45. Rg7 Kc3 46. g5 d4 47. g6 d3 48. Rc7+ Kd4 49. Rc8 Nxg6 50. Ra8 d2 51. Rd8+ Kc3 52. Rc8+ Kb3 53. Rd8 Ne5 54. Kf1 Nc4 55. Ke2 1/2-1/2

[Event "GER-ch U10"]
[Site "Oberhof"]
[Date "2013.05.25"]
[Round "11"]
[White "Merk, Daniel"]
[Black "Suvorov, Luca"]
[Result "1-0"]
[WhiteElo "1655"]
[BlackElo "1551"]
[PlyCount "68"]
[EventDate "2013.05.19"]
[EventType "swiss"]
[EventRounds "11"]
[EventCountry "GER"]
[SourceTitle "CBM 154 Extra"]
[Source "ChessBase"]
[SourceDate "2013.06.25"]
[SourceVersion "2"]
[SourceVersionDate "2013.06.25"]
[SourceQuality "1"]

1. d4 Nf6 2. c4 g6 3. Nc3 Bg7 4. g3 0-0 5. Bg2 d6 6. e3 Nbd7 7. Nf3 e5 8. 0-0 Re8 9. b3 Qe7 10. Bb2 Nb6 11. d5 Bg4 12. e4 Qd7 13. Qc2 h5 14. Ne1 Bh3 15. f3 Bh6 16. Bc1 g5 17. Nd3 Bxg2 18. Qxg2 Kh7 19. c5 Nc8 20. b4 Ne7 21. a4 c6 22. Ba3 cxd5 23. cxd6 d4 24. Nxe5 Qe6 25. dxe7 Qxe5 26. Nd5 Nxd5 27. exd5 Rxe7 28. b5 Rd7 29. d6 Bf8 30. Qh3 Bxd6 31. Qxd7 Qe3+ 32. Kh1 Bxa3 33. Qxf7+ Kh6 34. Rae1 Rf8 1-0

[Event "GER-ch U10"]
[Site "Oberhof"]
[Date "2013.05.21"]
[Round "5"]
[White "Merk, Daniel"]
[Black "Wurst, Benedikt"]
[Result "1/2-1/2"]
[WhiteElo "1655"]
[BlackElo "1139"]
[PlyCount "68"]
[EventDate "2013.05.19"]
[EventType "swiss"]
[EventRounds "11"]
[EventCountry "GER"]
[SourceTitle "CBM 154 Extra"]
[Source "ChessBase"]
[SourceDate "2013.06.25"]
[SourceVersion "2"]
[SourceVersionDate "2013.06.25"]
[SourceQuality "1"]

1. e4 e5 2. Nf3 Nc6 3. Bb5 a6 4. Bxc6 dxc6 5. 0-0 f6 6. d4 Bg4 7. dxe5 Qxd1 8. Rxd1 Bxf3 9. gxf3 fxe5 10. f4 Bd6 11. fxe5 Bxe5 12. f4 Bd6 13. Nc3 0-0-0 14. Be3 Nh6 15. h3 Rhf8 16. Ne2 Rde8 17. e5 Nf5 18. Bf2 g6 19. Nd4 Bc5 20. Nxf5 Bxf2+ 21. Kxf2 Rxf5 22. Rd4 Rexe5 23. Kg3 Re3+ 24. Kg4 Re2 25. Rad1 b6 26. R4d2 Re4 27. Rf2 h6 28. Rd3 Ra5 29. a3 h5+ 30. Kg3 g5 31. Rdf3 Kd7 32. fxg5 Rxg5+ 33. Kh2 Rd5 34. Rf7+ Kc8 1/2-1/2